<?xml version="1.0" encoding="UTF-8"?>
<record
    xmlns:xsi="http://www.w3.org/2001/XMLSchema-instance"
    xsi:schemaLocation="http://www.loc.gov/MARC21/slim http://www.loc.gov/standards/marcxml/schema/MARC21slim.xsd"
    xmlns="http://www.loc.gov/MARC21/slim">

  <leader>00391nam a2200145Ia 4500</leader>
  <controlfield tag="008">230711s9999||||xx |||||||||||||| ||und||</controlfield>
  <datafield tag="041" ind1=" " ind2=" ">
    <subfield code="a">ENG</subfield>
  </datafield>
  <datafield tag="082" ind1=" " ind2=" ">
    <subfield code="a">621.381</subfield>
    <subfield code="b">BO-M</subfield>
  </datafield>
  <datafield tag="100" ind1=" " ind2=" ">
    <subfield code="a">Bolton,W</subfield>
  </datafield>
  <datafield tag="245" ind1=" " ind2="0">
    <subfield code="a">Mechatronics : electronic control systems in mechanical and electrical</subfield>
  </datafield>
  <datafield tag="250" ind1=" " ind2=" ">
    <subfield code="a">2nd Ed.</subfield>
  </datafield>
  <datafield tag="260" ind1=" " ind2=" ">
    <subfield code="c">2004</subfield>
    <subfield code="a">New Delhi</subfield>
    <subfield code="b">Pearson</subfield>
  </datafield>
  <datafield tag="650" ind1=" " ind2=" ">
    <subfield code="a">Mechanical Engineering</subfield>
  </datafield>
  <datafield tag="942" ind1=" " ind2=" ">
    <subfield code="c">BK</subfield>
  </datafield>
  <datafield tag="952" ind1=" " ind2=" ">
    <subfield code="0">0</subfield>
    <subfield code="1">0</subfield>
    <subfield code="4">0</subfield>
    <subfield code="7">0</subfield>
    <subfield code="8">C</subfield>
    <subfield code="a">MCL</subfield>
    <subfield code="b">MCL</subfield>
    <subfield code="d">0000-00-00</subfield>
    <subfield code="l">0</subfield>
    <subfield code="o">621.381 BO-M</subfield>
    <subfield code="p">14702</subfield>
    <subfield code="r">2023-08-17 14:03:46</subfield>
    <subfield code="w">2023-08-17</subfield>
    <subfield code="y">BK</subfield>
  </datafield>
  <datafield tag="952" ind1=" " ind2=" ">
    <subfield code="0">0</subfield>
    <subfield code="1">0</subfield>
    <subfield code="4">0</subfield>
    <subfield code="7">0</subfield>
    <subfield code="8">C</subfield>
    <subfield code="a">MCL</subfield>
    <subfield code="b">MCL</subfield>
    <subfield code="d">0000-00-00</subfield>
    <subfield code="l">0</subfield>
    <subfield code="o">621.381 BO-M</subfield>
    <subfield code="p">14703</subfield>
    <subfield code="r">2023-09-04 16:43:43</subfield>
    <subfield code="w">2023-08-17</subfield>
    <subfield code="y">BK</subfield>
  </datafield>
  <datafield tag="952" ind1=" " ind2=" ">
    <subfield code="0">0</subfield>
    <subfield code="1">0</subfield>
    <subfield code="4">0</subfield>
    <subfield code="7">0</subfield>
    <subfield code="8">C</subfield>
    <subfield code="a">MCL</subfield>
    <subfield code="b">MCL</subfield>
    <subfield code="d">0000-00-00</subfield>
    <subfield code="l">0</subfield>
    <subfield code="o">621.381 BO-M</subfield>
    <subfield code="p">14704</subfield>
    <subfield code="r">2023-08-17 14:44:46</subfield>
    <subfield code="w">2023-08-17</subfield>
    <subfield code="y">BK</subfield>
  </datafield>
  <datafield tag="999" ind1=" " ind2=" ">
    <subfield code="c">4289</subfield>
    <subfield code="d">4289</subfield>
  </datafield>
</record>
